Lataa...

Anthropology, Politics, and the State : Democracy and Violence in South Asia /

Bibliografiset tiedot
Päätekijä: Spencer, Jonathan
Aineistotyyppi: Printed Book
Julkaistu: New Delhi Cambridge University Press
Aiheet:
LEADER 00519cam a2200145ua 4500
999 |c 46011  |d 46011 
020 |a 9780521722124 
082 |a 306.2  |b SPE-A 
100 |a Spencer, Jonathan. 
245 |a Anthropology, Politics, and the State :   |b Democracy and Violence in South Asia /  
260 |a New Delhi  |b Cambridge University Press 
300 |a 203p. 
650 |a Culture, Nation and Misery 
942 |c BK 
952 |0 0  |1 0  |4 0  |6 306_200000000000000_SPEA  |7 0  |9 57999  |a KU  |b KU  |d 2015-07-05  |l 1  |o 306.2 SPE-A  |p AN03208  |r 2015-08-17  |s 2015-07-31  |y BK